US Cities by Skyline - #1 - Statistics

General Stats
  • This quiz has been taken 64 times
  • The average score is 9 of 16
Answer Stats
Picture Answer % Correct
New York City
96%
Seattle
88%
Chicago
77%
Los Angeles
77%
Miami
61%
Denver
55%
Boston
54%
Dallas
54%
Houston
48%
San Diego
46%
San Francisco
46%
Minneapolis
43%
Philadelphia
43%
Atlanta
36%
Detroit
32%
Charlotte
29%
No matching quizzes found
Score Distribution
Percent of People with Each Score
Percentile by Number Answered
Your Score History
You have not taken this quiz